International code for the safe carriage of grain in bulk (international grain code). (Record no. 633)

000 -LEADER
fixed length control field 00787nam a2200205 a 4500
008 - FIXED-LENGTH DATA ELEMENTS--GENERAL INFORMATION
fixed length control field 921221s1991 enk l i000 0 eng d
015 ## - NATIONAL BIBLIOGRAPHY NUMBER
National bibliography number GB92-20685
020 ## - INTERNATIONAL STANDARD BOOK NUMBER
International Standard Book Number 9280112759
040 ## - CATALOGING SOURCE
Original cataloging agency Uk
082 00 - DEWEY DECIMAL CLASSIFICATION NUMBER
Classification number 382.4131
Edition number 20
Item number I339
110 ## - MAIN ENTRY--CORPORATE NAME
9 (RLIN) 76
Corporate name or jurisdiction name as entry element International Maritime Organization
245 00 - TITLE STATEMENT
Title International code for the safe carriage of grain in bulk (international grain code).
260 ## - PUBLICATION, DISTRIBUTION, ETC. (IMPRINT)
Place of publication, distribution, etc London :
Name of publisher, distributor, etc International Maritime Organization,
Date of publication, distribution, etc 1991.
300 ## - PHYSICAL DESCRIPTION
Extent v, 35 p. :
Other physical details ill. ;
Dimensions 24 cm.
500 ## - GENERAL NOTE
General note "IMO publication. Sales number: IMO-240E"--T.p. verso.
650 #0 - SUBJECT ADDED ENTRY--TOPICAL TERM
Topical term or geographic name as entry element Grain
General subdivision Transportation
-- Safety regulations.
Topical term or geographic name as entry element Bulk carrier cargo ships
General subdivision Safety regulations.
710 2# - ADDED ENTRY--CORPORATE NAME
Corporate name or jurisdiction name as entry element International Maritime Organization.
942 ## - ADDED ENTRY ELEMENTS (KOHA)
Item type Books
Holdings
Withdrawn status Lost status Source of classification or shelving scheme Damaged status Not for loan Permanent location Current location Date acquired Full call number Barcode Date last seen Koha item type Source of acquisition Cost, normal purchase price Cost, replacement price
          IMU Kolkata IMU Kolkata 2019-11-08 382.4131 I339 11107 2019-11-08 Books      
          IMU Kolkata IMU Kolkata 2019-11-08 382.4131 I339 11631 2019-11-08 Books      
          IMU Kolkata IMU Kolkata 2020-09-02     2020-09-02 Books 15 812.60 812.60
Designed and Maintained by IMU-KC Library, Kolkata Campus © Copyright All Rights Reserved

webs counters

Powered by Koha